[Event "RUS-chT 12th"]
[Site "Sochi"]
[Date "2005.04.29"]
[Round "11"]
[White "Evdokimov, Alexander A"]
[Black "Aleksandrov, Aleksej"]
[Result "1-0"]
[WhiteElo "2503"]
[BlackElo "2635"]
[Annotator "Ribli,Z"]
[PlyCount "85"]
[EventDate "2005.04.19"]
[EventType "team-tourn"]
[EventRounds "11"]
[EventCountry "RUS"]
[SourceTitle "EXT 2020"]
[Source "ChessBase"]
[SourceDate "2019.10.17"]
[SourceVersion "1"]
[SourceVersionDate "2019.10.17"]
[SourceQuality "1"]
[WhiteTeam "Saratov Ekonomist SGSEU"]
[BlackTeam "Sverdlovsk Ural region"]
[WhiteTeamCountry "RUS"]
[BlackTeamCountry "RUS"]

1. d4 Nf6 2. c4 e6 3. Nf3 d5 4. g3 dxc4 5. Bg2 Nc6 6. Qa4 Bb4+ {Diese Variante
erfreut sich heutzutage großer Beliebtheit, aber die Alternative 6...Nd7 ist
ebenfalls spielbar.} 7. Bd2 Bd6 (7... Nd5) 8. O-O O-O 9. Qxc4 e5 10. d5 {
Weiß versucht das Spiel kompliziert zu gestalten; er ist nicht zufrieden mit
der Vereinfachungen 10.dxe5, die zu einem ausgeglichenen Spiel führt.} (10. Nc3
$2 Nxd4 11. Nxd4 exd4 12. Qxd4 Bxg3 $17) (10. dxe5 Nxe5 11. Nxe5 Bxe5 12. Bc3
Qe7 $11) 10... Ne7 11. Nc3 h6 (11... c6 12. dxc6 Nxc6 13. Rfd1 Be6 14. Qh4 Be7
15. Be3 Qa5 16. Qa4 Qxa4 17. Nxa4 Rfd8 18. Nc3 h6 19. Ne1 Bb4 {1/2-1/2
Georgiev ,K-Aleksandrov ,A/Bled 2002 (32)}) (11... Bd7 12. Bg5 Ne8 13. Rac1 h6
14. Bd2 c6 15. dxc6 Bxc6 16. Rfd1 Rc8 17. Qb3 {1-0 Grabarczyk,M-Hnydiuk,A/
Plock 2000/CBM 78(51)}) (11... a6 12. Rfd1 $6 (12. a4 $5) (12. Bg5 $5) 12... b5
$1 13. Qb3 b4 14. Na4 Bd7 $6 (14... Qe8 $1 15. Rdc1 Qb5 $1 $17) 15. Qc2 Nexd5
16. Nc5 Bb5 17. Bg5 {1/2-1/2 Raetsky,A-Shariyazdanov,A/Biel 1999/EXT 2000 (51)}
) 12. Rfd1 (12. e4 a6 13. b4 c6 14. Rad1 b5 15. Qb3 cxd5 16. exd5 Bf5 17. Rfe1
Ng6 18. h3 Qd7 19. Kh2 Rac8 20. Bf1 e4 21. Nd4 Nh4 {0-1 Carron,J-Bauer,C/Biel
2002/EXT 2003 (31)}) 12... a6 13. Qb3 (13. a4 c6 $1 (13... Bd7 14. h3 Rb8 15.
a5 Ne8 16. Be3 Qc8 17. Ba7 Ra8 18. Bc5 Ng6 19. h4 Nf6 20. Bxd6 cxd6 21. Qb4 Bh3
22. Bh1 Qd7 {0-1 Sambuev,B-Tregubov,P/Krasnoyarsk 2003/(54)}) 14. dxc6 Nxc6 15.
Qh4 $5 Bf5 $6 (15... Ng4 $5 16. Qxd8 Rxd8 17. h3 Nf6 $11) 16. Bxh6 $3 gxh6 17.
Qxh6 $44 {1/2-1/2 Vaganian,R-Zvjaginsev,V/Poikovsky 2002/(29)}) 13... Rb8 {
Mit diesem profilaktischen Zug verteidigt Schwarz den b7-Bauern, um seinen
c8-Läufer zu entwickeln. Sinnvoller scheint mir die Alternative 13...c6,
wonach Schwarz das Spiel ausgleichen kann.} (13... c6 14. dxc6 Nxc6 15. Be3 Qe7
16. Nd2 Be6 17. Nd5 Bxd5 18. Bxd5 Na5 19. Qd3 Rad8 20. Bg2 Ng4 21. Nf1 Bc5 {
1/2-1/2 Filippov,V-Korchnoi,V/Togliatti RUS 2003/(37)}) 14. Be1 Bg4 (14... c6
$5 15. dxc6 Nxc6) 15. Rac1 b5 16. h3 Bh5 17. a3 Qd7 18. Nh4 g5 $6 {Dieser Zug
gefällt mir nicht, da er die schwarze Königsstellung schwächt.} (18... b4 19.
axb4 Rxb4 20. Qa2 Rfb8 $11) 19. Nf3 Kh8 (19... b4 20. axb4 Rxb4 21. Qa2 $14)
20. Na2 {[%csl Yc6][%cal Ga2b4,Gb4a6,Gb4c6]} g4 21. hxg4 Nxg4 22. Nb4 Ra8 23.
Nd3 $1 {[%cal Gd3c5][%mdl 64] Ein unerwarteteter Zug, da sich Weiß freiwillig
in die Gefahr der Bauerngabel begibt.} e4 {Schwarz muss so spielen, sonst
spielt Weiß einfach 24.Nc5 mit Positionsvorteil.} 24. Nc5 Bxc5 (24... Qf5 $2
25. Nh4 $18) 25. Rxc5 exf3 26. exf3 $44 {[%cal Ge1c3,Gc3h8,Gc5h5,Gd1d7] Weiß
hat nur einen Bauern für die Figur, aber seine Figuren stehen sehr aktiv; der
Be1 zielt auf die Diagonale a1-h8 und nach d5-d6 können die weißen Türme
gefährliche Aktivitäten entfalten.} (26. Bxf3 Qd6 27. Bb4 a5 28. Rc6 Qd7 29.
Bxe7 Qxe7 30. Qc3+ Kh7 31. Rxc7 $44) 26... Ne5 (26... Nf6 27. d6 cxd6 28. Bc3
$18) 27. d6 $1 {[%cal Rc5h5,Rd1d7]} N7c6 (27... cxd6 28. Rxe5 $18) 28. dxc7
Qxc7 29. Bc3 {[%csl Rh8][%cal Rc3h8] Die einfache weiße Drohung ist 30.Bxe5+
mit Gewinn.} (29. g4 $5 Bg6 30. f4) 29... Rae8 $6 (29... f6 $1 30. Bxe5 fxe5
31. Qe6 $44) 30. f4 $1 Bxd1 31. Qxd1 {[%csl Gc3,Rc6,Rc7,Re5,Gg2,Rh8][%cal
Rc3h8,Rg2c6][%mdl 2048] [#]Schwarz hat einen Turm mehr, aber seine Springer
sind gefesselt.} Qd8 32. Qh5 (32. Qxd8 Nxd8 (32... Rxd8 33. Rxc6 $18) 33. fxe5
$16) 32... Nd4 33. Rxe5 (33. Rd5 $18) 33... Rxe5 34. Qxe5+ f6 35. Qxd4 $18 Qxd4
36. Bxd4 {Mit zwei Läufer und einem Mehrbauern gegen den Turm gewinnt Weiß
leicht.} Kg7 37. Bc3 Re8 38. g4 Kg6 39. Bb7 f5 40. Bxa6 fxg4 41. Bxb5 Rd8 42.
a4 Kf5 43. a5 1-0

[Event "Scandic Hotels CC"]
[Site "Stockholm"]
[Date "2000.08.04"]
[Round "7"]
[White "Bator, Robert"]
[Black "Ivanov, Sergey"]
[Result "0-1"]
[WhiteElo "2430"]
[BlackElo "2574"]
[Annotator "Ribli,Z"]
[PlyCount "110"]
[EventDate "2000.07.29"]
[EventType "tourn"]
[EventRounds "9"]
[EventCountry "SWE"]
[EventCategory "10"]
[SourceTitle "CBM 079"]
[Source "ChessBase"]
[SourceDate "2000.11.21"]
[SourceVersion "1"]
[SourceVersionDate "2000.11.21"]
[SourceQuality "1"]

1. d4 Nf6 2. Nf3 d5 3. c4 e6 4. g3 dxc4 5. Bg2 a6 {Dieser Zug ist eine
chancenreiche Fortsetzung für Schwarz - anschließend kann er seinen Pc4 mit b5
verteidigen.} 6. O-O Nc6 {Diese Spielweise ist in letzter Zeit sehr beliebt.
Schwarz möchte seinen Pc4 mit Rb8 und b5 unterstützen.} (6... b5 7. Ne5) 7. Nc3
(7. e3) 7... Rb8 8. e4 b5 (8... Be7 9. d5 exd5 10. exd5 Nb4 11. Ne5) 9. d5 (9.
Qe2) (9. e5 Nd5 10. Ng5 $13) 9... Nb4 10. b3 {Das ist ein üblicher weißer Plan.
Mit diesem Zug gibt er das Zel auf, den Bauern zurück zu gewinnen, nunmehr
setzt er auf Aktivität im Zentrum.} (10. Ne5 Bd6 11. f4 exd5 12. a3 Nd3 13.
Nxd3 cxd3 $11) 10... cxb3 (10... exd5 $6 11. exd5 cxb3 12. Qxb3 Nd3 13. Bg5 Be7
14. Nd4 Bd7 15. Rad1 Nc5 16. Qc2 $16 {Gorelov,S-Abramov,S/USSR 1991/Inf 52 (16)
}) 11. Qxb3 {Dieser natürliche Zug ist gut, aber 11.Nd4 ist auch spielbar und
sogar recht interessant.} (11. Nd4 $1 c5 $6 (11... e5 12. Nxb3 c5 $13) 12. dxc6
e5 13. Nd5 $1 Bd6 14. c7 Bxc7 15. Nxb4 Qxd4 16. Qxd4 exd4 17. axb3 Nd7 18. Nc6
Rb6 19. Nxd4 O-O 20. Be3 {1-0 Cvitan,O-Luther,T/Germany 1998/GER-chT (44)})
11... c5 {Damit öffnet Schwarz die Stellung - das ist prinzipiell wegen des
Königs in der Mitte des Brettes nicht logisch. Schwarz muss jedoch seinen Nb4
befreien, zudem droht jetzt 12...c4 nebst 13...Nd3.} 12. dxc6 Nxc6 13. Bf4 $6 {
Die Idee ist gut, aber die Zugfolge ist nicht präzise - nach 13.Rd1 muss die
Dame wegziehen und dann greift man mit 14. Bf4 den Turm an. Wenn Weiß das -
wie iin der Partie - umgekehrt macht, kann Schwarz auf Tfd1 mit Rd7 antworten.}
(13. Rd1 Qb6 14. Bf4 Rb7 15. e5 Nd7 16. Ne4 Nc5 17. Qe3 Nxe4 18. Qxe4 Rc7 19.
Rac1 Bb7 20. Be3 Qa5 21. Nd4 Nd8 22. Qd3 Rxc1 23. Bxc1 Bd5 24. Bg5 h6 25. Nxe6
fxe6 26. Qg6+ {1-0 Tukmakov,V-Hulak,K/Pula 1999/EXT 2000 (29)}) 13... Rb7 14.
Rac1 $13 {Weiß hat Kompensation für den Bauern - er hat großen
Entwicklungsvorsprung.} (14. Rfd1 Rd7 $13) 14... Na5 $1 {Der Springer
vertreibt die Dame und nimmt den Vorposten auf c4 ein.} 15. Qc2 (15. Qb1) 15...
Ba3 {Schwarz kann seine Entwicklung mit Tempo beenden.} 16. Rcd1 Nd7 $1 {
Schwarz muss sehr vorsichtig sein - sein Turm steht schlecht auf b7, dennoch
wäre jetzt von 16...Rd7 abzuraten.} (16... Rd7 $2 17. Ne5 Rxd1 18. Rxd1 Nd7 (
18... Qb6 19. Nxb5 $18) (18... Qe7 19. Nxb5 O-O 20. Nxa3 Qxa3 21. Ng6 {[%cal
Rf4d6,Rd6a3,Rd6f8]} hxg6 22. Bd6 $18) 19. Nb1 Be7 20. Ng6 $1 hxg6 21. Bc7 $18)
17. Bg5 (17. Nb1 Be7 18. Rd3 Nc4 $13) 17... Qc7 (17... f6) 18. Bf4 Qd8 (18...
e5 $2 19. Nxe5 Nxe5 20. Bxe5 Qxe5 21. Nxb5 Bc5 (21... Qc5 22. Nxa3 Qxc2 23.
Nxc2 $16) 22. Rd5 $18) 19. Bg5 f6 {Dieser Zug beschwört große Komplikationen
herauf. Schwarz ist offenischtlich nicht mit Zugwiederholung zufrieden.} (19...
Qb6 $2 20. Nxb5 $18) 20. Nd4 {[%mdl 2048]} Rb6 (20... fxg5 21. Nxe6 Qb6 22.
Nxb5 $40 {[%csl Re8]}) 21. Bh3 {[%cal Gd4e6,Gh3e6][%mdl 64] Mit diesem Zug
versucht Weiß, im Trüben zu fischen - es ist zwar spürbar, dass Weiß
Angriffschancen hat, aber kann ein Spieler aus Fleisch und Blut alles
durchrechnen? Vielleicht kann das ein Computer... Meiner Meinung nach hat Weiß
trotz seiner deutlichen Drohungen nicht ausreichend Kompensation.} (21. Bc1
Bxc1 22. Qxc1 Nc4 $13) 21... fxg5 22. Nxe6 Rxe6 (22... Qf6 $2 23. Nd5 $18) 23.
Bxe6 Qc7 {[%cal Gc7c2] Dieser Zug ist logisch - Schwarz vermeidet die Fesslung
auf der d-Linie, auf der c-Linie steht die Dame aktiv.} 24. e5 {Weiß möchte
die Stellung um jeden Preis öffnen und opfert einen Bauern.} Nb6 {Nach diesem
Zug kann Weiß seine beste Figur, den "katalanischen" Läufer auf e6, nicht mehr
halten.} (24... b4 25. Qa4 bxc3 26. Qxa3 c2 27. Rc1 $13 {[%csl Ge6,Re8][%cal
Ga3f8]}) (24... Nxe5 25. Bxc8 Qxc8 26. Rfe1 Qc7 27. Qf5 $40) 25. Rd6 {Weiß
opfert in dieser Partie so viel Material wie so manch anderer Spieler in einem
Jahr! Trotzdem, ich kann nicht an die Korrekheit des weißen Spiels glauben.} (
25. Bxc8 Qxc8 $17) 25... Bxd6 26. exd6 Qxd6 $17 {Weiß hat nun eine Figur
weniger, doch obwohl der gegnerische König in der Mitte steht, hat er keine
wirklich gefährlichen Drohungen.} 27. Bxc8 Nxc8 28. Nxb5 Qc6 (28... axb5 $2 29.
Qxc8+ Qd8 30. Re1+ Kf7 31. Qe6+ Kf8 32. Re5 {[%cal Re5f5,Rf5f8]} (32. Qf5+ Kg8
33. Qe6+) 32... g6 33. Rc5 Kg7 34. Rd5 $18) 29. Nc7+ (29. Re1+ Ne7 $19) 29...
Kd8 (29... Kf8 30. Qf5+ $18 {[%cal Rf5c8,Rf5f8]}) 30. Ne6+ $8 Qxe6 31. Qd2+ {
[%cal Rd2a5,Rd2d8]} Kc7 32. Qxa5+ Kb7 33. Qxg5 {Weiß hat zwar nur einen Bauern
für die Figur, aber Schwarz muss aufgrund seiner schlechten Königsstellung
immer vorsichtig bleiben.} Qe7 (33... Rg8 $17) 34. Qd5+ (34. Rb1+ Ka7 35. Qf4
Nb6 $17) 34... Ka7 35. a4 Rd8 (35... Nb6 $17) 36. Qc6 Qd6 (36... Nb6 37. Rb1
Nd5 $17) 37. Qc2 {[%cal Rc2h7]} g6 {Schwarz verteidigt seinen Ph7.} 38. Rb1 Nb6
39. a5 Nd5 {Schritt für Schritt verbesserte Schwarz seine Stellung - der zuvor
passive Springer spielt nun aktiv mit.} 40. Qd3 Qc5 (40... Qc6 $17) (40... Qc7
$17) 41. Qb3 Qc7 42. Qa3 {Es droht zwar nichts, aber es ist nicht leicht für
Schwarz die optimale Aufstellung seiner Figuren zu finden und eine feste
Verteidigungstellung aufzubauen.} Rb8 43. Rc1 Qe7 44. Qa1 (44. Qxe7+ Nxe7 45.
Rc7+ Rb7 $19) 44... Rb5 {[%csl Gb5]} (44... Rb4 $17) 45. h4 Qf6 (45... Qb4) 46.
Qa4 h5 47. Re1 Kb7 48. Qa3 Nb4 49. Rd1 (49. Rb1 Nc6 $19) 49... Kc7 50. Rc1+ Nc6
$19 {[%csl Gc6] Endlich ist alles in der schwarzen Stellung verteidigt - sein
großer Materialvorteil muss nun zur Geltung kommen. Der Springer steht gut auf
c6, zudem ist der weiße Pa5 schwach.} 51. Rc4 Qd6 52. Qe3 {[%cal Re3a7,Ra7c7]}
Kb7 53. Rf4 Ne5 54. Qc3 (54. Qe4+ Qd5 $19) 54... Rb1+ 55. Kh2 (55. Kg2 Qc6+ $19
) 55... Ng4+ (55... Ng4+ 56. Kh3 (56. Kg2 Qc6+ $19) 56... Rh1+ 57. Kg2 Rh2+ $19
) 0-1

[Event "FRA-chT Top 16 GpB"]
[Site "Port Barcares"]
[Date "2005.05.04"]
[Round "8"]
[White "Dunis, Aurelien"]
[Black "Schenk, Andreas"]
[Result "1/2-1/2"]
[WhiteElo "2485"]
[BlackElo "2492"]
[Annotator "Ribli,Z"]
[PlyCount "62"]
[EventDate "2005.05.04"]
[EventType "team"]
[EventRounds "11"]
[EventCountry "FRA"]
[SourceTitle "CBM 107"]
[Source "ChessBase"]
[SourceDate "2005.08.01"]
[SourceVersion "1"]
[SourceVersionDate "2005.08.01"]
[SourceQuality "1"]

1. d4 Nf6 2. c4 e6 3. Nf3 d5 4. g3 dxc4 5. Bg2 Nc6 6. Qa4 Bb4+ 7. Bd2 Bd6 8.
Ne5 {Das ist die aussichtsreiche Fortsetzung für Weiß; im Falle von 8.0-0 0-0
9.Qxc4 e5 hat Schwarz bessere Ausgleichchancen.} Bxe5 (8... O-O 9. Nxc6 bxc6
10. Qxc4 (10. O-O $5) 10... Rb8 11. Qc2 (11. b3 $5) 11... Be7 $1 12. O-O Qxd4
13. Nc3 Nd5 14. Rfd1 Ba6 (14... Qf6 $5) (14... Qb6 $5) 15. Bg5 $1 Qc5 (15...
Qb4 16. Bxe7 Nxe7 17. Rd2 Rfd8 $11) 16. Bxe7 Qxe7 (16... Nxe7 17. Rd2 Rfd8 18.
Rad1 Rxd2 19. Rxd2 $14) 17. Rd2 (17. Bf3 $5) 17... Rfd8 18. Bf3 {1-0 Tukmakov,
V-Vasilev,M/Geneve 2004/CBM 98 ext (41). 1-0}) 9. Bxc6+ bxc6 10. dxe5 Qd5 (
10... Nd5 11. Qxc6+ Bd7 12. Qxc4 Rb8 13. e4 $16) (10... Nd7 $5 11. f4 (11. Qxc6
Rb8 12. Qxc4 Nxe5 13. Qa4+ Qd7 $11) 11... Nb6 12. Qc2 Qd5 (12... Qd4 13. Nc3
O-O 14. Ne4 Nd5 15. O-O-O Rb8 16. Rhe1 h6 17. e3 Qb6 18. a3 c5 19. Nc3 {
1/2-1/2 Nielsen,P-Rasmussen,K/Denmark (ch) 89/(415) 2003/}) 13. Rg1 c5 14. Nc3
Qc6 15. Qe4 {1/2-1/2 Riazantsev,A-Zvjaginsev,V/Sochi RUS 2005/}) 11. f3 Nd7 (
11... Qxe5 12. Qxc6+ Kd8 13. Qxa8 Qxb2 14. O-O Qxa1 15. Qxa7 $16) 12. Nc3 Qc5 (
12... Qd4 13. Qxc6 Rb8 14. O-O-O Qb6 15. Qxb6 axb6 16. Nb5 Rb7 17. Bf4 $14) (
12... Qxe5 13. Qxc6 Rb8 14. Bf4 Qd4 15. Qxc7 O-O 16. Rd1 Qb6 17. Qxb6 Rxb6 18.
Bd6 Re8 19. Ba3 $14 {1-0 Ilincic,Z-Marjanovic,S/Jugoslavija 1998/(38)}) 13. f4
(13. Ne4 Qb5 14. Qa3 Nxe5 (14... c5 $5 15. O-O O-O 16. Rad1 Bb7 17. Nc3 Qb4 18.
Nb1 Qb5 19. Nc3 $11) 15. Bf4 f6 16. Nc3 Qb6 17. Bxe5 fxe5 18. O-O-O $14 {
1-0 Raetsky,A-Carron,J/Lausanne 2003/EXT 2004 (66)}) 13... Rb8 (13... h5 $6 14.
O-O-O Bb7 15. Rhf1 Nb6 16. Qc2 O-O-O 17. Ne4 Qb5 18. Ng5 Nd7 19. f5 $36) (13...
O-O 14. O-O-O (14. e4 f6 15. exf6 Nxf6 16. O-O-O $14) 14... a5 (14... Rb8 15.
Kb1 (15. Ne4 Qb5 16. Qc2 c5 $13 (16... c3 $2 17. Bxc3 $16)) 15... a5 16. Ne4
Qb5 17. Qc2 Re8 18. Bc3 a4 19. a3 $14 {Wojtkiewicz,A-Gustafsson,J/New York
2000/(41)}) 15. Qc2 Re8 16. h4 a4 17. a3 Qb6 18. Ne4 Qb3 19. Bc3 c5 20. Qb1 Rb8
21. h5 h6 22. Rd2 {1-0 Nielsen,P-Barsov,A/Panormo GRE 2002/(41)}) (13... Nb6
14. Qc2 Nd5 15. Ne4 Qd4 16. Rd1 O-O 17. Bc1 Ne3 18. Bxe3 Qxe3 19. Qxc4 Ba6 20.
Qxa6 Qxe4 21. Kf2 $14) 14. O-O-O {Es ist nicht selbstverständlich, in der
Katalanischen Verteidigung lang zu rochieren.} Bb7 (14... O-O {Mit
Zugumstellung errreicht man die Variante 13...0-0 14.0-0- 0 Rb8.}) 15. Qc2 Nb6
16. Rhe1 (16. e4 $5 $14) 16... h6 (16... Nd5 17. Na4 Qb5 18. e4 Nb6 (18... Nb4
19. Bxb4 Qxb4 20. Qd2 $1 Qe7 (20... Qxa4 $2 21. Qd7+ Kf8 22. Qxc7) (20... Qxd2+
21. Rxd2 $16 {[%cal Ga4c5]}) 21. Qd4 $16) 19. Nc3 $14) 17. e4 $14 {[%csl Rb7,
Ge4,Ge5][%mdl 32] Weiß hat zwar einen Bauern weniger, aber seine Bauern auf e4
und e5 kontrollieren die wichtigsten Zentrumsfelder und der schwarze
weißfeldrige Läufer steht passiv auf b7.} O-O 18. Be3 Qa5 19. g4 Rfd8 (19... c5
$5 {[%cal Gb7c6]} 20. g5 h5 (20... hxg5 21. Rg1 $40)) 20. Rxd8+ Rxd8 21. Rd1
Rd3 $5 {Schwarz gibt seinen Mehrbauern zurück, um ein aktiveres Figurenspiel
zu ereichen.} (21... Rxd1+ 22. Qxd1 $16 {[%csl Gd1][%cal Gd1d8]}) 22. Rxd3 cxd3
23. Qxd3 Na4 24. Bd2 $6 (24. Nd1 $1 $16) 24... Nxc3 25. Bxc3 Qxa2 $11 26. Qd8+
Kh7 27. Qxc7 Qb3 28. Qxf7 c5 {[%csl Gb7][%cal Rb7e4][%mdl 256] Endlich kann
Schwarz seinen ehemals passiv stehenden Läufer ins Spiel bringen.} 29. f5 Bxe4
30. Qg6+ Kh8 31. Qe8+ Kh7 1/2-1/2

[Event "Goodricke op 12th"]
[Site "Kolkata"]
[Date "2001.02.12"]
[Round "7"]
[White "Rahman, Ziaur"]
[Black "Rausis, Igors"]
[Result "1-0"]
[WhiteElo "2447"]
[BlackElo "2525"]
[Annotator "Ribli,Z"]
[PlyCount "99"]
[EventDate "2001.02.06"]
[EventType "swiss"]
[EventRounds "11"]
[EventCountry "IND"]
[SourceTitle "CBM 082"]
[Source "ChessBase"]
[SourceDate "2001.05.17"]
[SourceVersion "1"]
[SourceVersionDate "2001.05.17"]
[SourceQuality "1"]

1. c4 e6 2. Nf3 d5 3. d4 Nf6 4. g3 dxc4 5. Bg2 Nc6 {Dieser Springerzug ist in
letzter Zeit sehr populär - die Idee dieses Zuges besteht darin, Rb8 nebst
b7-b5 zu ziehen und sich so den Zug a7-a6 zu sparen. Zudem steht das Feld a6
später eventuell dem Bc8 zur Verfügung.} 6. Qa4 {Das ist die prinzipielle
Antwort von Weiß - er gewinnt den Bauern zurück. Der Nc6 steht nun ein wenig
unglücklich, weil Schwarz nicht c7-c5 ziehen kann.} (6. O-O Rb8 {Das wäre die
Variante, in der Schwarz anschließend b7-b5 spielen kann.}) 6... Bb4+ (6... Nd7
7. Qxc4 Nb6 {Das ist die - in letzter Zeit kaum praktizierte - Alternative.})
7. Bd2 Nd5 (7... Bd6 {Dieser Zug kam erstmals in der Partie Karpov,A - Kramnik,
V Wijk aan Zee 1998 aufs Brett.} 8. Ne5 $5 Bxe5 9. Bxc6+ bxc6 10. dxe5 Qd5 11.
f3 Nd7 12. Nc3 Qxe5 13. Qxc6 Rb8 14. Bf4 $14) 8. Bxb4 (8. Qb5) 8... Ndxb4 9. a3
{Dieser konsequente Zug beschwört große Komplikationen herauf. Die Alternative
ist zwar sicherer, aber Weiß hat dort geringere Chancen auf Eröffnungsvorteil.}
(9. O-O) 9... b5 10. Qxb5 Nc2+ 11. Kd2 Nxa1 (11... Bd7 12. Kxc2 Nxd4+ 13. Nxd4
Bxb5 14. Nxb5 $14 {Die weißen Leichtfiguren wiegen schwerer als die schwarze
Dame.}) 12. Qxc6+ Bd7 13. Qxc4 Rb8 {Dieser Zug ist nicht so logisch wie die
Alternative.} (13... c5 $1 {Das ist die kritische Variante. Dieser Zug wurde
erstmals in der Partie Ivanchuk,V - Kortchnoj,V Tilburg 1989 gespielt.} 14. Qa2
Qa5+ 15. Nc3 cxd4 16. Nxd4 Rd8 17. Rxa1 e5 18. b4 Qb6 19. Nc2 Qxf2 20. Bd5 (20.
Ne3 Be6+ 21. Ncd5 O-O 22. Qc4 Bxd5 23. Bxd5 Qxh2 24. Qh4 Qf2 25. Rh1 h6 26. Rh2
Qg1 27. Rh1 {1/2-1/2 Bareev,E-Adams,M/Dortmund 2000/CBM 78/[Ftacnik] (27)})
20... O-O 21. Qc4 Be6 22. Ne3 Qxh2 23. Qh4 Qxh4 24. gxh4 f5 25. Kc2 Kf7 26. Rd1
f4 27. Nc4 {1/2-1/2 Kasparov,G-Adams,M/Wijk aan Zee NED 2001 (27)}) 14. b4 {
Nun verliert Schwarz den Na1, aber Weiß braucht mindestens zwei Züge für seine
Eroberung} c5 (14... a5 15. Ne5 O-O 16. Nc3 axb4 17. axb4 c5 18. Rxa1 cxb4 19.
Ne4 b3 20. Nc5 b2 21. Rb1 Qa5+ 22. Qc3 Qa2 23. Be4 Be8 24. Bc2 f6 25. Ned3 Bf7
26. Nb4 Qa5 27. Nc6 {1-0 Teske,H-Stajcic,N/Austria 1996/CBM 52 ext (33)}) 15.
Qc3 (15. Nc3 cxd4 16. Ne4 Bb5 17. Qa2 d3 18. Rxa1 dxe2+ 19. Ke1 O-O 20. Qd2 Qb6
21. Qe3 Rfd8 22. Qxb6 Rxb6 23. Nc3 Ba6 24. Ng1 e5 25. Ngxe2 {1-0 Zilberstein,
V-Raetsky,A/Voronezh 1988/EXT 99 (40)}) (15. Qa2 cxb4 16. Qxa1 (16. axb4 Rxb4
17. Qxa1 Ra4 $132) 16... Qa5 $132) 15... cxb4 16. axb4 a5 17. Qxa1 axb4 {
Weiß hat zwei Leichtfiguren für den Turm, das bedeutet natürlich
Materialvorteil. Dafür aber hat Weiß Probleme mit seiner unsicheren
Königsstellung und bei der Entwicklung des Nb1.} 18. Rc1 (18. Ne5 O-O 19. Rd1
b3 20. Ke1 b2 21. Qa7 Bb5 22. Nc3 Qd6 23. Qa5 Rfd8 24. Be4 Be8 $13) 18... O-O
19. Ne5 Bb5 (19... b3 {Der schwarze b- Bauer ist zwar stark, aber er alleine
reicht als Kompensation nicht aus.} 20. Qb2 Qa5+ 21. Nc3 Rfd8 22. e3 Be8 23.
Nd3 f6 24. Qa1 Qb6 25. Qa3 Bg6 26. Rb1 Kh8 27. Rb2 e5 28. d5 Rdc8 29. Bh3 $16 {
1/2-1/2 Sidorova,E-Ovchinikova,J/Kolontaevo 1997/EXT 99 (44)}) 20. Rc5 $16 {
[%csl Gc5,Ge5][%mdl 1024] Weiß hat aufgrund seines Materialvorteils die
besseren Perspektiven. Aber er muss sich vorsehen, denn Schwarz hat - obgleich
noch keine konkreten Drohungen - taktische Gegenchancen.} Qb6 (20... f6 21. Nc6
Bxc6 22. Rxc6 $16) 21. Ke3 (21. Qb2 $142 $5 $16) 21... f6 $6 (21... Rfc8 $5 22.
Rxc8+ Rxc8 23. Qb2 Qd6 $14 (23... f6 24. Nd3 e5 25. Qxb4 exd4+ 26. Qxd4 $16))
22. Nc6 Bxc6 23. Rxc6 Qb7 24. Qa6 (24. Nd2) 24... e5 (24... Qxa6 25. Rxa6 Kf7
26. Ra7+ $16) 25. Qc4+ (25. Qxb7 exd4+ 26. Kd3 Rxb7 27. Bd5+ Kh8 28. Nd2 $16)
25... Kh8 26. d5 {[%csl Gd5] Weiß hat spürbar Vorteil, aber bis jetzt ist es
ihm nicht gelungen, seine Probleme bei der Entwicklung des Nb1 und der
Platzierung des Königs zu lösen.} Qa7+ 27. Qc5 Qa1 (27... Qa2 28. Be4 $16) 28.
Be4 f5 $2 (28... b3 $16) 29. Bxf5 $1 {[%mdl 64] Mit dieser kleinen Kombination
gewinnt Weiß einen weiteren Bauern.} b3 (29... Rxf5 30. Rc8+ $18) (29... Qd4+
30. Qxd4 exd4+ 31. Ke4 $18) 30. Bd3 {Das ist bemerkenswert: der Nb1 hat bis
jetzt nicht einen Zug gemacht, aber in seiner Grundstellung blockiert er den
schwarzen b-Bauern.} Qa4 31. Nc3 Qg4 {Droht 32...Qg5+ 33.Ke4 Rf4+.} (31... Qa1
32. Bb1 $18) 32. f3 Qh3 (32... Qg5+ 33. Kf2 $18) 33. Qc4 (33. d6 Qxh2 $132)
33... Qxh2 34. Qh4 $1 {Auf diese Weise erzwingt Weiß den Damentausch.} Qxh4 (
34... Qg1+ 35. Kd2 $18 {[%csl Rh7]}) 35. gxh4 {Nach Vereinfachungen steht Weiß
klar besser - er hat Materialvorteil, und sein Freibauer auf der d-Linie ist
gefährlich.} Rf4 36. h5 b2 37. Re6 Rfb4 38. Rxe5 $18 {Weiß hat N+B+P für R..}
Kg8 (38... b1=Q 39. Nxb1 Rxb1 40. Bxb1 Rxb1 41. Re8#) 39. d6 Rd8 (39... b1=Q
40. Nxb1 Rxb1 41. Bxb1 Rxb1 42. d7 $18) 40. Rd5 Kf7 41. Kd2 g6 (41... Ke6 42.
Bf5+ Kf7 43. Bxh7 $18) 42. hxg6+ hxg6 43. Rb5 b1=Q (43... Rxb5 44. Nxb5 $18)
44. Bxb1 (44. Nxb1 Rxb5 45. Bxb5 Rxd6+ 46. Bd3 $18) 44... Rxd6+ 45. Bd3 Rxb5
46. Nxb5 Rb6 47. Nc3 g5 48. Ne4 Kg6 49. Ke3 Kf5 $2 {Der letzte Fehler in
hoffnungsloser Stellung.} (49... Kh6 50. Kd4 $18) 50. Nc5+ (50. Nc5+ Kf6 (50...
Ke5 51. Nd7+ {[%cal Rd7b6,Rd7e5]}) 51. Nd7+ {[%cal Rd7b6,Rd7f6]}) 1-0